Obras

שמור ב:
מידע ביבליוגרפי
מחבר ראשי: Vega, Garcilaso de la
פורמט: ספר
שפה:Undetermined
יצא לאור: Madrid, España Espasa-Calpe 1958
נושאים:
תגים: הוספת תג
אין תגיות, היה/י הראשונ/ה לתייג את הרשומה!

MARC

LEADER 00000nam a2200000Ia 4500
008 170316s9999 xx 000 0 und d
040 |a cru BVZT 
090 |a 862 V-14o 
100 |a Vega, Garcilaso de la 
245 |a Obras 
260 |a Madrid, España 
260 |b Espasa-Calpe 
260 |c 1958 
300 |a 269 páginas 
650 |a LITERATURA ESPAÑOLA 
650 |a ÉGLOGAS 
650 |a ELEGÍAS 
650 |a EPÍSTOLA 
650 |a CANCIONES 
650 |a SONETOS 
650 |a CANCIONES EN VERSOS CASTELLANOS 
999 |c 10504  |d 10504 
942 |c 15 D  |h 862 V-14o  |2 z